| 000 | 01518nam0a22003131 4500 | ||
|---|---|---|---|
| 001 | rc\3558011 | ||
| 005 | 20130115135956.3 | ||
| 021 |
_aRU _b[76-19886] |
||
| 035 | _a(NLR Aleph) 007796005 | ||
| 090 |
_a7667687 _c7667687 |
||
| 100 | _a20130115d1976 |||y0rusy50 ca | ||
| 101 | 0 | _arus | |
| 102 | _aRU | ||
| 105 | _aa z ||||| | ||
| 200 | 1 |
_aОпыт пневмозакладочных работ на шахтах Донбасса _eОбзор _fВ.П. Ключко, Ю.С. Макаревич, Н.К. Бужин _gЦентр. науч.-исслед. ин-т экономики и науч.-техн. информации угольной пром-сти |
|
| 210 |
_aМосква _cЦНИЭИуголь _d1976 |
||
| 215 |
_a47 с. _cил. _d20 |
||
| 225 | 1 | _aСерия "Механизация и автоматизация производственных процессов, угольное машиностроение" | |
| 300 | _aНа обл. авт. не указаны | ||
| 606 |
_aЗакладочные машины, пневматические _2psbo |
||
| 606 |
_aГорные выработки _xЗакладка выработанного пространства _xМеханизация _2psbo |
||
| 700 | 1 |
_aКлючко _bВ. П. _gВиктор Петрович |
|
| 701 | 1 |
_aМакаревич _bЮ. С. |
|
| 701 | 1 |
_aБужин _bН. К. _gНиколай Кириллович |
|
| 801 | 0 |
_aRU _bNLR _gpsbo |
|
| 801 | 1 |
_aRU _bELAR _2rusmarc |
|
| 852 |
_aNLR _j76-4/23449 |
||
| 942 | _cBOOK | ||
| 980 | _aNB | ||